|
|
|
|
| LEADER |
01547nam a2200373 a 4500 |
| 001 |
000066477 |
| 003 |
CZ BrMZK |
| 005 |
20230904063148.0 |
| 008 |
950313s1996 xr e c dcze d |
| 015 |
|
|
|a cnb000138802
|
| 020 |
|
|
|a 80-85628-12-0
|
| 040 |
|
|
|a BOA001
|b cze
|
| 043 |
|
|
|a e-xr---
|
| 045 |
|
|
|a x-x-
|
| 072 |
|
7 |
|a 73
|x Sochařství, keramika, porcelán, umělecké zpracování kovů
|2 Konspekt
|9 21
|
| 080 |
|
|
|a 730(437.3)
|2 MRF
|
| 080 |
|
|
|a 730.036/.038
|2 MRF
|
| 080 |
|
|
|a (437.3)
|2 MRF
|
| 080 |
|
|
|a (083.824)
|2 MRF
|
| 100 |
1 |
|
|a Rubáš, Václav,
|d 1909-1996
|7 jn19990209728
|4 aut
|
| 245 |
1 |
0 |
|a Václav Rubáš :
|b (sochy) : [katalog výstavy] : Galerie U Bílého jednorožce, Klatovy 6.3.-2.6.1996 /
|c [příprava katalogu: Helena Hrdličková, úvodní text: Jiří Seifert].
|
| 260 |
|
|
|a Klatovy :
|b Galerie U Bílého jednorožce,
|c 1996
|
| 300 |
|
|
|a [16] s. ;
|c 26 cm
|
| 600 |
1 |
7 |
|a Rubáš, Václav,
|d 1909-1996
|7 jn19990209728
|2 czenas
|
| 648 |
|
7 |
|a 20. století
|7 ch460558
|2 czenas
|
| 650 |
0 |
7 |
|a české sochařství
|7 ph128152
|y 20. století
|2 czenas
|
| 650 |
0 |
7 |
|a moderní sochařství
|7 ph122941
|z Česko
|2 czenas
|
| 655 |
|
7 |
|a katalogy výstav
|7 fd132536
|2 czenas
|
| 700 |
1 |
|
|a Hrdličková, Helena,
|d 1949-
|7 mzk2006337094
|4 aut
|
| 700 |
1 |
|
|a Seifert, Jiří,
|d 1932-1999
|7 jn19990209747
|4 wfw
|
| 710 |
2 |
|
|a Galerie U Bílého jednorožce (Klatovy, Česko)
|7 kn20020923005
|
| 910 |
|
|
|a BOA001
|b X2-1019.502
|
| 990 |
|
|
|a BK
|
| 996 |
6 |
|
|b 2610035314
|c X2-1019.502
|l MZK
|r Sklad / do 24 hodin
|n 0
|p p.v.
|w 000066477
|u 000010
|a 1
|e BOA001
|j MZK50
|s P
|